000 01158nac a22003011i 4500
003 EG-ScBUE
005 20240716123645.0
008 100721s2005 ua f 00010 cara d
020 _a9770909084
040 _aEG-ScBUE
_bara
_erda
_cEG-ScBUE
_dEG-ScBUE
082 0 4 _a956.903
_bم س ي
_222
100 1 _aمسيري، عبد الوهاب‏،
_d1938-2008‏،
_eمؤلف.
245 1 0 _aموسوعة اليهود واليهودية والصهيونية :
_bالموسوعة الموجزة في جزأين /
_cعبد الوهاب المسيري.
250 _aالطبعة الثانية.
264 1 _aالقاهرة :
_bدار الشروق،
_c2005.
300 _a2 مجلد ؛
_c24 سم
336 _2rdacontent
_aنص
_btxt
337 _aبدون وسيط
_2rdamedia
_bn
338 _aمجلد
_bnc
_2rdacarrier
500 _aيشتمل علي كشاف.
541 _aألف باء؛
_cشراء؛
650 7 _aاليهود
_vتراجم.
_2BUEsh
_916891
650 7 _aاليهود
_xتاريخ.
_2BUEsh
_914891
650 7 _aاليهودية.
_2BUEsh
_98345
650 7 _aالصهيونية.
_2BUEsh
_913307
655 _vReading book
942 _cBB
_2ddc
999 _c5940
_d5940